000 00793cam a22002533a 4500
001 6658
003 PGUSA
005 20140828083135.0
008 041001s2004||||xxu|||||s|||||000 1 eng d
040 _aPGUSA
_beng
042 _adc
050 4 _aPR
100 1 _aBompas, Charlotte Selina,
_d1830-1917
245 1 0 _aOwindia :
_ba true tale of the MacKenzie River Indians, North-West America
_h[electronic resource] /
_cCharlotte Selina Bompas
260 _bProject Gutenberg,
_c2004
506 _aPublic domain in the USA.
516 _aElectronic text
653 _aMurder -- Fiction
653 _aIndians of North America -- Canada -- Fiction
653 _aFoundlings -- Fiction
830 0 _aProject Gutenberg
_v6658
856 4 0 _uhttp://www.gutenberg.org/ebooks/6658
942 _cEB
999 _c235978
_d235978